Catálogo público

Identificación de especies de trips asociados con el cultivo de carambolo en Yautepec, Morelos / (Record no. 220775)

MARC details
000 -CABECERA
campo de control de longitud fija 02004nam a2200313 a 4500
003 - IDENTIFICADOR DEL NÚMERO DE CONTROL
campo de control OSt
005 - FECHA Y HORA DE LA ÚLTIMA TRANSACCIÓN
campo de control 20260420113551.0
007 - CAMPO FIJO DE DESCRIPCIÓN FÍSICA--INFORMACIÓN GENERAL
campo de control de longitud fija cr ||||||a|a|a
008 - DATOS DE LONGITUD FIJA--INFORMACIÓN GENERAL
campo de control de longitud fija 250805s2025 mx a|||fom||| 001 0 spa d
040 ## - FUENTE DE LA CATALOGACIÓN
Normas de descripción rda
100 1# - ENTRADA PRINCIPAL--NOMBRE DE PERSONA
Nombre de persona Aguilar Torres, Linda Elena
9 (RLIN) 190825
245 10 - MENCIÓN DE TÍTULO
Título Identificación de especies de trips asociados con el cultivo de carambolo en Yautepec, Morelos /
Mención de responsabilidad, etc. por Linda Elena Aguilar Torres; director de tesis Manuel Alejandro Tejeda Reyes; secretario Mnuel Orrantia Orrantia; vocal Calixto Leopoldo Carrillo Fonseca; suplente Luis Emilio Castillo Marquez; suplente Jaime Alfredo Urzua Gutierrez.
264 #1 - PRODUCCIÓN, PUBLICACIÓN, DISTRIBUCIÓN, FABRICACIÓN Y COPYRIGHT
Producción, publicación, distribución, fabricación y copyright Chapingo, México :
Nombre del de productor, editor, distribuidor, fabricante El autor,
Fecha de producción, publicación, distribución, fabricación o copyright 2024.
300 ## - DESCRIPCIÓN FÍSICA
Extensión 1 recurso en línea (56 páginas):
Otras características físicas cuadros, figuras.
336 ## - TIPO DE CONTENIDO
Fuente rdacontent
Término de tipo de contenido texto
Código de tipo de contenido txt
337 ## - TIPO DE MEDIO
Fuente rdamedia
Nombre/término del tipo de medio computadora
Código del tipo de medio c
338 ## - TIPO DE SOPORTE
Fuente rdacarrier
Nombre/término del tipo de soporte recurso en línea
Código del tipo de soporte cr
502 ## - NOTA DE TESIS
Tipo de título Ingeniero Agrónomo Especialista en Parasitología Agrícola
Nombre de la institución que otorga el título Departamento de Enseñanza, Investigación y Servicio en Parasitología Agrícola,
Año de obtención del título 2024.
Información miscelánea Licenciatura
504 ## - NOTA DE BIBLIOGRAFÍA, ETC.
Nota de bibliografía, etc. Incluye referencias bibliográficas: páginas 37-48.
520 ## - SUMARIO, ETC.
Sumario, etc. Se identificó a el trips del chile Scirtothrips dorsalis Hood (Thysanoptera: Thripidae) afectando frutos de carambolo (Averrhoa carambola L.) en el municipio de Yautepec, Morelos, México. Esta plaga es originaria del continente asiático, altamente polífaga e invasiva, capaz de causar severos daños en brotes jóvenes y frutos en desarrollo en diversos cultivos. Se reporta por primera vez a S. dorsalis causando afectaciones al cultivo de carambolo en México.
650 #4 - PUNTO DE ACCESO ADICIONAL DE MATERIA--TÉRMINO DE MATERIA
Término de materia o nombre geográfico como elemento de entrada Averrhoa carambola
Subdivisión general Plagas
9 (RLIN) 191037
650 #4 - PUNTO DE ACCESO ADICIONAL DE MATERIA--TÉRMINO DE MATERIA
Término de materia o nombre geográfico como elemento de entrada Scirtothrips dorsalis
Subdivisión general Identificación
9 (RLIN) 191035
700 1# - PUNTO DE ACCESO ADICIONAL--NOMBRE DE PERSONA
Nombre de persona Tejeda Reyes, Manuel Alejandro
9 (RLIN) 112025
Término indicativo de función/relación director.
700 1# - PUNTO DE ACCESO ADICIONAL--NOMBRE DE PERSONA
Nombre de persona Carrillo Fonseca, Calixto Leopoldo
9 (RLIN) 19482
Término indicativo de función/relación vocal.
700 1# - PUNTO DE ACCESO ADICIONAL--NOMBRE DE PERSONA
Nombre de persona Castillo Márquez, Luis Emilio
9 (RLIN) 20176
Término indicativo de función/relación suplente.
700 1# - PUNTO DE ACCESO ADICIONAL--NOMBRE DE PERSONA
Nombre de persona Urzúa Gutiérrez, Jaime Alfredo
Término indicativo de función/relación suplente.
9 (RLIN) 117018
856 ## - LOCALIZACIÓN Y ACCESO ELECTRÓNICOS
Identificador Uniforme del Recurso http://10.13.5.2/tesis/tl/1310030-1_AGUILAR_TORRES_LINDAELENA.pdf
Nota pública DESCARGAR PDF
942 ## - ELEMENTOS DE PUNTO DE ACCESO ADICIONAL (KOHA)
Fuente del sistema de clasificación o colocación Clasificación Universidad Autónoma Chapingo
Tipo de ítem Koha Tesis digital
Holdings
Estado de retiro Estado de pérdida Fuente del sistema de clasificación o colocación Estado dañado Restricciones de uso No para préstamo Código de colección Localización permanente Ubicación/localización actual Ubicación en estantería Fecha de adquisición Total de préstamos Signatura topográfica completa Fecha visto por última vez Precio válido a partir de Tipo de ítem Koha
    Clasificación Universidad Autónoma de Chapingo   Préstamo interno   Tesis digitales de Licenciatura Biblioteca Digital Biblioteca Digital En línea 05/08/2025   Tesis digital 05/08/2025 05/08/2025 Tesis digital